<An> Introduction to Operating Systems

Guardado en:
Detalles Bibliográficos
Autor principal: Deitel, Harvey M.
Formato: Libro
Lenguaje:inglés
Publicado: Reading Addison-Wesley Pub. Co. 1990
Edición:2. ed.
Etiquetas: Agregar Etiqueta
Sin Etiquetas, Sea el primero en etiquetar este registro!

MARC

LEADER 00000nam a2200000 4500
001 c027006
005 20221215114024.3
041 0 |a eng 
044 |a US 
245 1 0 |a <An> Introduction to Operating Systems  |c Harvey M. Deitel 
250 |a 2. ed. 
264 1 |a Reading  |b Addison-Wesley Pub. Co.  |c 1990 
300 |a 853 s. 
100 1 |a Deitel, Harvey M.